000 00791nac a22002657a 4500
001 BR4900013
003 BR-BrBNA
005 20240105112850.0
008 230509b bl.|||m| |||| 00| 0 por d
040 _aBR-BrBNA
_bpor
_cBiblioteca Nacional de Agricultura
072 _aF00
090 _a2420 BR4900013
110 1 _aInstituto de Oleos, Rio de Janeiro, GB (Brasil)
_96060
245 1 _aCarnauba, seus problemas economicos e extrativos
260 3 _aRio Janeiro, GB (Brasil):
_c1949.
300 _a239 p.
490 _aBoletim - Instituto de Oleos (Brazil)
_vno. 5
_x
500 _a5 tables
650 _aProducao vegetal
650 _aCarnauba
650 _aColheita
650 _aIndustrializacao
909 _a202312
_bLúcia Elande
_c55
_dLúcia Elande
942 _2AGRIS
_n0
_cMS
999 _c260671
_d260671